Central Library OPAC University of Rajshahi

ইসলাম ও কমিউনিজম / (Record no. 41930)

MARC details
000 -LEADER
fixed length control field 00752nam a2200217 a 4500
001 - CONTROL NUMBER
control field 41930
003 - CONTROL NUMBER IDENTIFIER
rucl marc code BD-RjUL
005 - DATE AND TIME OF LATEST TRANSACTION
control field 20211209053454.0
008 - FIXED-LENGTH DATA ELEMENTS--GENERAL INFORMATION
fixed length control field 160607b1960 bg ||||| |||| 00| 0 ben d
035 ## - SYSTEM CONTROL NUMBER
System control number (BD-RjUL)42048
040 ## - CATALOGING SOURCE
Original cataloging agency BD-RjUL
Language of cataloging ben
Transcribing agency BD-RjUL
041 ## - LANGUAGE CODE
Language code of text/sound track or separate title ben
082 ## - DEWEY DECIMAL CLASSIFICATION NUMBER
Edition number 23
Classification number 297
Author mark and year ISL 1960
245 00 - TITLE STATEMENT
Title ইসলাম ও কমিউনিজম /
Statement of responsibility, etc. জান পেনার সম্পাদিত
260 ## - PUBLICATION, DISTRIBUTION, ETC. (IMPRINT)
Place of publication, distribution, etc. ঢাকা :
Name of publisher, distributor, etc. কংগেস ফর কালচার,
Date of publication, distribution, etc. ১৯৬০
300 ## - PHYSICAL DESCRIPTION
Pagination [৮], ১০২ পৃ. ;
Size ২১ সেমি.
650 ## - SUBJECT ADDED ENTRY--TOPICAL TERM
Topical term or geographic name as entry element ইসলাম
9 (RLIN) 128867
Topical term or geographic name as entry element Islam
9 (RLIN) 128868
700 ## - ADDED ENTRY--PERSONAL NAME
Personal name পেনার, জান, সম্পাদিত
942 ## - ADDED ENTRY ELEMENTS (KOHA)
Source of classification or shelving scheme Dewey Decimal Classification
Koha item type Books
Holdings
Lost status Source of classification or shelving scheme Damaged status Not for loan Collection code Permanent Location Current Location Shelving location Date acquired Source of acquisition Cost, normal purchase price Total Checkouts Full call number Date last seen Copy number Koha item type
  Dewey Decimal Classification     Non-fiction Central Library, University of Rajshahi Central Library, University of Rajshahi   06/08/1968 Prantic, Rajshahi 2.50   B 297 ISL 1960 07/06/2016 C-2 Books